| 000 | 00541nam a2200193Ia 4500 | ||
|---|---|---|---|
| 003 | OSt | ||
| 005 | 20240708114821.0 | ||
| 008 | 210210b1990 xxu||||| |||| 00| 0 eng d | ||
| 040 | _cAL | ||
| 041 | _aKannada | ||
| 082 | _aK894.9 VISS | ||
| 100 |
_aVISHNU (Ke) ವಿಷ್ಣು (ಕೆ ವಿ) _9172858 |
||
| 245 |
_aSuradasa Rudrabhatta _bಸುರದಾಸ ರುದ್ರಭಟ್ಟ |
||
| 260 |
_aPutturu _bKannada Sangha _c1990 |
||
| 300 | _avii,57 | ||
| 690 |
_aKannada Criticism _9172859 |
||
| 906 | _a043796 | ||
| 942 |
_2ddc _cBK |
||
| 999 |
_c93577 _d93577 |
||